| 000 | 005160000a22001810004500 | ||
|---|---|---|---|
| 003 | MACL | ||
| 005 | 20150814151709.0 | ||
| 008 | 150814b xxu||||| |||| 00| 0 eng d | ||
| 040 |
_aMACL _cMACL |
||
| 041 | _aEnglish | ||
| 082 | _a500/BIL | ||
| 100 |
_aBilimoria, Edi D _95647 |
||
| 245 |
_aThe Snake and The Rope _bProblems in Western Science Resolved by Occult Science |
||
| 260 |
_bThe Theosophical Publishing House _c2006 _aChennai |
||
| 350 | _a490 | ||
| 650 |
_aPure Science _95649 |
||
| 942 |
_cBK _k500/BIL _2ddc |
||
| 999 |
_c41000 _d41000 |
||